000 00650nam a22002057a 4500
003 OSt
005 20251126085935.0
008 251126b |||||||| |||| 00| 0 eng d
020 _a13 : 978-0-13-220991-5.
040 _aDWCL-Main lib
_cOC
082 _27th ed.
_aCirc. 620.112 H624m 2008
100 _aR. C. Hibbeler
245 _aMechanics of materials
_cR. C. Hibbeler
260 _aN. J. :
_bPearson/Prentice Hall,
_cc2008.
300 _axvi, 910 pages :
_billustration ;
_c24 cm.
504 _aIncludes index.
650 _21. Strength of materials.
650 _22. Structural analysis (Engineering).
942 _2ddc
_cBK-CIRC
_e7th ed.
_kCirc.
_n0
999 _c6349
_d6349